Oklahoma Football: Top 10 All-Time Leaders - Statistics

General Stats
  • This quiz has been taken 57 times
  • The average score is 20 of 62
Answer Stats
Category # Player Amount % Correct
Passing Yards 2 Baker Mayfield 12,292
100%
Passing Yards 9 Kyler Murray 4,720
91%
Receiving Yards 3 CeeDee Lamb 3,292
83%
Passing Yards 3 Sam Bradford 8,403
83%
Rushing Yards 2 Adrian Peterson 4,041
78%
Rushing Yards 7 Demarco Murray 3,685
78%
Tackles 8 Tyrell Peters 380
65%
Passing Yards 1 Landry Jones 16,646
61%
Sacks 1 Cedric Jones 31.5
57%
Passing Yards 4 Jason White 7,922
57%
Receiving Yards 7 Marquise Brown 2,413
57%
Receiving Yards 10 Dede Westbrook 2,267
52%
Passing Yards 5 Josh Heupel 6,852
52%
Rushing Yards 1 Samaje Perine 4,122
52%
Interceptions 3 Sonny Brown 16
52%
Passing Yards 10 Spencer Rattler 4,595
52%
Receiving Yards 2 Sterling Shepard 3,482
52%
Rushing Yards 5 Billy Sims 3,813
48%
Rushing Yards 4 Steve Owens 3,867
43%
Passing Yards 6 Dillon Gabriel 6,828
39%
Tackles 7 Brian Bosworth 413
35%
Rushing Yards 3 Joe Washington 3,995
35%
Passing Yards 7 Cale Gundy 6,142
30%
Receiving Yards 6 Kenny Stills 2,594
30%
Receiving Yards 8 Marvin Mims 2,398
30%
Passing Yards 8 Nate Hybl 4,916
30%
Tackles 9 Danny Stutsman 376
26%
Sacks 2 Jeremy Beal 29.0
26%
Rushing Yards 9 Kennedy Brooks 3,320
26%
Receiving Yards 9 Malcolm Kelly 2,285
26%
Rushing Yards 6 Quentin Griffin 3,756
26%
Receiving Yards 1 Ryan Broyles 4,586
26%
Sacks 7 Jonathan Jackson 21.0
22%
Receiving Yards 4 Mark Clayton 3,236
22%
Sacks 5 Troy Johnson 23.0
22%
Interceptions T9 Darrius Johnson 13
17%
Rushing Yards 8 De'Mond Parker 3,404
17%
Interceptions T7 Derrick Strait 14
17%
Sacks 6 Eric Striker 22.5
17%
Sacks T8 Frank Alexander 20.5
17%
Receiving Yards 5 Juaquin Iglesias 2,861
17%
Sacks 4 Scott Evans 24.0
17%
Tackles 3 Travis Lewis 446
17%
Interceptions T4 Zack Sanchez 15
17%
Sacks T8 Aubrey Beavers 20.5
13%
Sacks 3 Dan Cody 25.0
13%
Sacks 10 Darrell Reed 20.0
13%
Interceptions 1 Darrell Royal 18
13%
Tackles 1 Daryl Hunt 530
13%
Tackles 2 Jackie Shipp 489
13%
Interceptions 2 Rickey Dixon 17
13%
Tackles 5 Rocky Calmus 431
13%
Rushing Yards 10 Stanley Wilson 2,993
13%
Interceptions T4 Zac Henderson 15
13%
Interceptions T4 Darrol Ray 15
9%
Interceptions T9 Ed Lisak 13
9%
Tackles 4 George Cumby 437
9%
Interceptions T9 Jason Belser 13
9%
Interceptions T7 Randy Hughes 14
9%
Tackles 10 Rick Bryan 365
9%
Tackles 6 Rod Shoate 426
9%
Interceptions T9 Steve Barrett 13
9%
No matching quizzes found
Score Distribution
Percent of People with Each Score
Percentile by Number Answered
Your Score History
You have not taken this quiz